Minidicionário Soares Amora da língua portuguesa (Record no. 75067)

MARC details
000 -LÍDER
campo de controle de tamanho fixo 00434 a2200157 4500
001 - NÚMERO DE CONTROLE
campo de controle 75067
020 ## - ISBN - INTERNATIONAL STANDARD BOOK NUMBER
ISBN - International Standard Book Number 9788502616127
040 ## - FONTE DA CATALOGAÇÃO
Instituição que transcreveu o registro Anchieta - Colégio São Paulo
100 ## - ENTRADA PRINCIPAL--NOME PESSOAL
Nome pessoal Amora, Antônio Soares
240 10 - TÍTULO UNIFORME
Título uniforme Minidicionário Soares Amora da língua portuguesa
Idioma da obra por
245 10 - TÍTULO
Título Minidicionário Soares Amora da língua portuguesa
300 ## - DESCRIÇÃO FÍSICA
Extensão 1004
362 0# - DATAS DE PUBLICAÇÃO E/OU DESIGNAÇÃO SEQUENCIAL
Datas de publicação e/ou designação sequencial 2014
650 #4 - ASSUNTO--TERMO TÓPICO
Cabeçalho tópico ou nome geográfico Obras enciclopédicas gerais
942 ## - ELEMENTOS DE ENTRADA ADICIONADOS (KOHA)
Tipo de material Koha Livros
Holdings
Situação do descarte Situação das perdas Situação física Não pode ser emprestado Biblioteca de origem Biblioteca atual Data de aquisição Total de empréstimos Número de chamada completo Código de barras Data de último acesso Data do preço efetivo Tipo de material Koha
        Canadian School of Niterói - Piratininga Canadian School of Niterói - Piratininga 09/02/2024     A13151 09/02/2024 09/02/2024 Livros
        Colégio São Paulo Colégio São Paulo 22/11/2023   030 A524m 6290/CSP 22/11/2023 22/11/2023 Livros
        Colégio São Paulo Colégio São Paulo 22/11/2023   030 A524m 6291/CSP 22/11/2023 22/11/2023 Livros